[Event "Praia op 3rd"]
[Site "Praia a Mare"]
[Date "2011.04.21"]
[Round "3"]
[White "Ponticelli, Carmine"]
[Black "Mileo, Miguelito"]
[Result "0-1"]
[WhiteElo "1470"]
[BlackElo "1824"]
[PlyCount "50"]
[EventDate "2011.04.20"]
[EventType "swiss"]
[EventRounds "5"]
[EventCountry "ITA"]
[SourceTitle "EXT 2023"]
[Source "ChessBase"]
[SourceDate "2022.10.05"]
[SourceVersion "1"]
[SourceVersionDate "2022.10.05"]
[SourceQuality "1"]

1. e4 c6 2. Nf3 d5 3. exd5 cxd5 4. d4 a6 5. c4 Nf6 6. Nbd2 Bf5 7. Be2 Nc6 8. 0-0 e6 9. Nb3 Be7 10. Nh4 Be4 11. f3 Bg6 12. Nxg6 hxg6 13. c5 Qc7 14. f4 Ne4 15. Be3 0-0-0 16. Nd2 f5 17. Nxe4 dxe4 18. Bc4 Nxd4 19. Bxd4 Bxc5 20. Bxe6+ Kb8 21. Kh1 Qe7 22. Be5+ Ka8 23. Qb3 Rd3 24. Bc3 Rxh2+ 25. Kxh2 Qh4# 0-1

[Event "St Eufemia d'Aspromonte op-B 4th"]
[Site "St Eufemia d'Aspromonte"]
[Date "2011.01.06"]
[Round "8"]
[White "Arcidiaco, Francesco"]
[Black "Mileo, Miguelito"]
[Result "1/2-1/2"]
[WhiteElo "1602"]
[BlackElo "1602"]
[PlyCount "67"]
[EventDate "2011.01.02"]
[EventType "swiss"]
[EventRounds "8"]
[EventCountry "ITA"]
[SourceTitle "EXT 2013"]
[Source "ChessBase"]
[SourceDate "2012.11.22"]
[SourceVersion "1"]
[SourceVersionDate "2012.11.22"]
[SourceQuality "1"]

1. e4 c6 2. d4 d5 3. exd5 cxd5 4. Bd3 a6 5. Nf3 Nf6 6. c3 Bg4 7. h3 Bh5 8. Qa4+ Nbd7 9. Ne5 b5 10. Qc2 e6 11. Nxd7 Qxd7 12. Bg5 Be7 13. Bxf6 Bxf6 14. 0-0 Qc7 15. a3 Bg6 16. Bxg6 hxg6 17. Qe2 Qf4 18. Nd2 g5 19. f3 Qg3 20. Qf2 Qd6 21. f4 g4 22. hxg4 0-0-0 23. g5 Bxg5 24. Qg3 Bf6 25. a4 b4 26. cxb4 Bxd4+ 27. Rf2 Qb6 28. Raf1 Bxf2+ 29. Rxf2 Qd4 30. Nf3 Qd1+ 31. Rf1 Rh1+ 32. Kxh1 Qxf1+ 33. Kh2 f6 34. Qxg7 1/2-1/2

[Event "St Eufemia d'Aspromonte op-B 4th"]
[Site "St Eufemia d'Aspromonte"]
[Date "2011.01.05"]
[Round "7"]
[White "Mileo, Miguelito"]
[Black "Pallonetto, Cristofaro"]
[Result "1-0"]
[WhiteElo "1602"]
[BlackElo "1506"]
[PlyCount "127"]
[EventDate "2011.01.02"]
[EventType "swiss"]
[EventRounds "8"]
[EventCountry "ITA"]
[SourceTitle "EXT 2013"]
[Source "ChessBase"]
[SourceDate "2012.11.22"]
[SourceVersion "1"]
[SourceVersionDate "2012.11.22"]
[SourceQuality "1"]

1. d4 d5 2. Bf4 Bf5 3. e3 Nf6 4. c4 c6 5. Nc3 e6 6. Nf3 Nbd7 7. h3 Be7 8. c5 0-0 9. Qb3 b6 10. Ba6 bxc5 11. Bb7 cxd4 12. exd4 Nh5 13. Bh2 Nhf6 14. Bxc6 Rc8 15. Bb5 Nb6 16. 0-0 Bd6 17. Ba6 Bxh2+ 18. Kxh2 Rb8 19. Qd1 Qc7+ 20. Kg1 Nc4 21. Bxc4 Qxc4 22. Ne5 Qc7 23. Qd2 Rfc8 24. Rac1 Qa5 25. Qe2 Qb4 26. Nb5 Rxc1 27. Rxc1 Rf8 28. Nc6 Qa4 29. a3 Qa6 30. Nb4 Qb6 31. Rc6 Qb7 32. Rc7 Qb6 33. Rxa7 Rc8 34. Qf1 g5 35. Ra6 Qd8 36. Nc6 Qf8 37. Ne5 Ne8 38. Rc6 Ra8 39. Qc1 Kg7 40. Qxg5+ Bg6 41. Nd7 Qg8 42. Qe7 Kh6 43. g4 Kg7 44. Rxe6 Kh8 45. Re1 Be4 46. Nd6 Nxd6 47. Qxd6 Qg5 48. Qf6+ Qxf6 49. Nxf6 Bg6 50. f4 Bd3 51. Nxd5 Ra4 52. Rd1 Bc4 53. Nb6 Bb3 54. Rd3 Bc2 55. Rc3 Ra6 56. Rxc2 Rxb6 57. f5 Rb3 58. Kg2 Rd3 59. f6 h6 60. b4 Rxd4 61. b5 Rd6 62. Rb2 Rd3 63. b6 Rd8 64. b7 1-0

[Event "St Eufemia d'Aspromonte op-B 4th"]
[Site "St Eufemia d'Aspromonte"]
[Date "2011.01.05"]
[Round "6"]
[White "Rametta, Marcello"]
[Black "Mileo, Miguelito"]
[Result "1-0"]
[WhiteElo "1741"]
[BlackElo "1602"]
[PlyCount "83"]
[EventDate "2011.01.02"]
[EventType "swiss"]
[EventRounds "8"]
[EventCountry "ITA"]
[SourceTitle "EXT 2013"]
[Source "ChessBase"]
[SourceDate "2012.11.22"]
[SourceVersion "1"]
[SourceVersionDate "2012.11.22"]
[SourceQuality "1"]

1. e4 c6 2. Nf3 d5 3. exd5 cxd5 4. d4 a6 5. c3 Nf6 6. Bf4 Qb6 7. Qc2 g6 8. Bd3 Bg7 9. Nbd2 Bg4 10. Ne5 Qe6 11. h3 Bf5 12. Ndf3 Bxd3 13. Qxd3 Qb6 14. 0-0 Nbd7 15. Rfe1 Rd8 16. Qe2 e6 17. a4 0-0 18. a5 Qa7 19. Ng5 Nxe5 20. Bxe5 Nh5 21. Bc7 Ra8 22. g4 Nf6 23. Bd6 Rfe8 24. Be5 h6 25. Nf3 b5 26. Qe3 Ne4 27. Bxg7 Kxg7 28. Ne5 f6 29. Nd3 Rac8 30. f3 Nd6 31. Nc5 e5 32. Qd3 Nc4 33. b3 Nd6 34. Kg2 Nb7 35. Nd7 Nd6 36. Nb6 Rc6 37. dxe5 Rxe5 38. Rxe5 fxe5 39. Qxd5 Qc7 40. Qxe5+ Kh7 41. Nd5 Qf7 42. Nf6+ 1-0

[Event "St Eufemia d'Aspromonte op-B 4th"]
[Site "St Eufemia d'Aspromonte"]
[Date "2011.01.03"]
[Round "3"]
[White "Mileo, Miguelito"]
[Black "Tricomi, Massimo"]
[Result "0-1"]
[WhiteElo "1602"]
[BlackElo "1881"]
[PlyCount "90"]
[EventDate "2011.01.02"]
[EventType "swiss"]
[EventRounds "8"]
[EventCountry "ITA"]
[SourceTitle "EXT 2013"]
[Source "ChessBase"]
[SourceDate "2012.11.22"]
[SourceVersion "1"]
[SourceVersionDate "2012.11.22"]
[SourceQuality "1"]

1. d4 d5 2. Bf4 Bg4 3. h3 Bh5 4. Nf3 Nc6 5. e3 e6 6. Be2 Bd6 7. Ne5 Bxe2 8. Qxe2 Bxe5 9. dxe5 Nge7 10. Nd2 Ng6 11. Nf3 Qe7 12. c3 Nh4 13. Nxh4 Qxh4 14. Qb5 Rb8 15. Qe2 0-0 16. Qg4 Qxg4 17. hxg4 Ne7 18. Bg3 Rbc8 19. 0-0-0 f5 20. f4 fxg4 21. Bf2 g6 22. g3 Rfd8 23. Rd4 c5 24. Ra4 Nc6 25. e4 b6 26. exd5 Rxd5 27. Re4 Rf8 28. Rd1 Rxd1+ 29. Kxd1 Rd8+ 30. Kc2 h5 31. Re2 Kf7 32. Rd2 Rxd2+ 33. Kxd2 g5 34. Ke3 gxf4+ 35. gxf4 Ne7 36. Ke2 Nf5 37. Kf1 h4 38. Kg2 Kg6 39. Bg1 h3+ 40. Kh2 Ng7 41. Bf2 Kf5 42. Bg3 Nh5 43. a4 Nxg3 44. Kxg3 h2 45. Kxh2 Kxf4 0-1

[Event "St Eufemia d'Aspromonte op-B 4th"]
[Site "St Eufemia d'Aspromonte"]
[Date "2011.01.03"]
[Round "2"]
[White "Rizzuti, Pasquale"]
[Black "Mileo, Miguelito"]
[Result "1/2-1/2"]
[WhiteElo "1840"]
[BlackElo "1602"]
[PlyCount "82"]
[EventDate "2011.01.02"]
[EventType "swiss"]
[EventRounds "8"]
[EventCountry "ITA"]
[SourceTitle "EXT 2013"]
[Source "ChessBase"]
[SourceDate "2012.11.22"]
[SourceVersion "1"]
[SourceVersionDate "2012.11.22"]
[SourceQuality "1"]

1. b3 d5 2. Bb2 Bf5 3. Nf3 e6 4. g3 Nf6 5. Bg2 Be7 6. d3 h6 7. Nbd2 0-0 8. 0-0 Bh7 9. c4 c6 10. Rc1 Nbd7 11. cxd5 cxd5 12. Re1 Qa5 13. a4 Rac8 14. h3 Bb4 15. Rf1 Rc7 16. Rxc7 Qxc7 17. Qc1 Qb8 18. Qb1 a5 19. Rc1 Rc8 20. Rxc8+ Qxc8 21. Nf1 Nh5 22. Ne3 Qb8 23. Qc1 Bc5 24. Kh2 Qa7 25. d4 Bd6 26. Qc8+ Nf8 27. Ne5 Qb8 28. Qxb8 Bxb8 29. Ba3 Nf6 30. f3 N8d7 31. Nxd7 Nxd7 32. f4 Nf6 33. Kg1 Ne4 34. Bxe4 Bxe4 35. Bc5 Bc7 36. Kf2 b6 37. Ba3 f6 38. h4 Kf7 39. Bb2 Bd6 40. Bc3 h5 41. Bd2 Ba3 1/2-1/2

[Event "Amantea op-B 8th"]
[Site "Amantea"]
[Date "2010.09.02"]
[Round "5"]
[White "Mileo, Miguelito"]
[Black "Grudina, Marco"]
[Result "0-1"]
[WhiteElo "1647"]
[BlackElo "1866"]
[PlyCount "68"]
[EventDate "2010.08.29"]
[EventType "swiss"]
[EventRounds "9"]
[EventCountry "ITA"]
[SourceTitle "CBM 138 Extra"]
[Source "ChessBase"]
[SourceDate "2010.10.29"]
[SourceVersion "1"]
[SourceVersionDate "2010.10.29"]
[SourceQuality "1"]

1. d4 d5 2. Bf4 Nf6 3. e3 e6 4. Nf3 c5 5. c3 Bd6 6. Ne5 0-0 7. Nd2 Qc7 8. Bg3 Nbd7 9. f4 b6 10. Bb5 a6 11. Bd3 Bb7 12. Ndf3 Rfe8 13. Nxd7 Nxd7 14. Bxh7+ Kxh7 15. Ng5+ Kg8 16. Qh5 Nf6 17. Qh3 Qe7 18. 0-0-0 Qf8 19. Nf3 g6 20. Ne5 Kg7 21. Bh4 Qe7 22. Ng4 Rh8 23. Bxf6+ Qxf6 24. Nxf6 Rxh3 25. gxh3 Kxf6 26. Rhg1 Rh8 27. Rg3 a5 28. Rd2 Ba6 29. Rf2 Bd3 30. Kd2 c4 31. a4 Bb1 32. Rf1 Be4 33. Rf2 Kg7 34. Rf1 Be7 0-1

[Event "Bagnara Calabra op-B"]
[Site "Bagnara Calabra"]
[Date "2009.01.04"]
[Round "4"]
[White "Mileo, Miguelito"]
[Black "Russo, Carmelo"]
[Result "1-0"]
[WhiteElo "1638"]
[BlackElo "1724"]
[PlyCount "85"]
[EventDate "2009.01.02"]
[EventType "swiss"]
[EventRounds "7"]
[EventCountry "ITA"]
[SourceTitle "CBM 128 Extra"]
[Source "ChessBase"]
[SourceDate "2009.03.05"]
[SourceVersion "2"]
[SourceVersionDate "2009.03.25"]
[SourceQuality "1"]

1. d4 Nf6 2. Bf4 d5 3. e3 Bg4 4. Nf3 h6 5. Be2 Nbd7 6. h3 Bf5 7. c4 e6 8. Qb3 b6 9. Nc3 c6 10. 0-0 Be7 11. Qa4 Qc8 12. Rac1 Qb7 13. cxd5 exd5 14. Ba6 b5 15. Bxb7 bxa4 16. Bxa8 a3 17. b3 0-0 18. Bxc6 Bb4 19. g4 Be6 20. Na4 h5 21. Ne5 hxg4 22. Nxd7 Nxd7 23. Bxd7 Bxd7 24. Nc5 Bb5 25. hxg4 Be2 26. Kg2 Bxg4 27. Rh1 f6 28. Rh4 Bf5 29. Rh5 g6 30. Rh6 Kg7 31. Rch1 g5 32. Bd6 Re8 33. Nb7 Bd2 34. Bxa3 Be4+ 35. f3 Bc2 36. e4 dxe4 37. Rh7+ Kg8 38. Rh8+ Kg7 39. Rxe8 e3 40. Bc1 Bg6 41. Re7+ Kf8 42. Rc7 g4 43. Rh8# 1-0

[Event "Bagnara Calabra op-B"]
[Site "Bagnara Calabra"]
[Date "2009.01.02"]
[Round "1"]
[White "Vazzana, Antonio"]
[Black "Mileo, Miguelito"]
[Result "0-1"]
[WhiteElo "1440"]
[BlackElo "1638"]
[PlyCount "117"]
[EventDate "2009.01.02"]
[EventType "swiss"]
[EventRounds "7"]
[EventCountry "ITA"]
[SourceTitle "CBM 128 Extra"]
[Source "ChessBase"]
[SourceDate "2009.03.05"]
[SourceVersion "2"]
[SourceVersionDate "2009.03.25"]
[SourceQuality "1"]

1. c4 c6 2. d4 d5 3. e3 Nf6 4. Nc3 g6 5. Nf3 Bg7 6. cxd5 Nxd5 7. Be2 0-0 8. 0-0 Nd7 9. Nxd5 cxd5 10. Bd2 a6 11. Rc1 Nf6 12. Qc2 Bf5 13. Qc7 Rb8 14. Qxd8 Rfxd8 15. Rc7 Ne8 16. Rfc1 Nxc7 17. Rxc7 Rdc8 18. Rxc8+ Rxc8 19. Bc3 b5 20. Ne1 Bb1 21. a3 e6 22. Nd3 Bxd3 23. Bxd3 Bf8 24. Bd2 a5 25. Kf1 b4 26. axb4 Bxb4 27. Ke2 Rb8 28. Bc1 a4 29. h3 Rc8 30. Kd1 Ra8 31. Kc2 a3 32. bxa3 Bxa3 33. Bxa3 Rxa3 34. Kd2 Ra2+ 35. Ke1 h5 36. h4 Kg7 37. g3 Rb2 38. Kf1 Kf6 39. Kg2 g5 40. hxg5+ Kxg5 41. Kf3 h4 42. gxh4+ Kxh4 43. Bh7 Rd2 44. Bb1 Kg5 45. Bh7 f5 46. Bg8 Kf6 47. Kg3 Rd1 48. Kg2 Ra1 49. e4 Ra8 50. e5+ Ke7 51. Bh7 Rh8 52. Bxf5 exf5 53. Kf3 Ke6 54. Ke3 Rh3+ 55. f3 Rh1 56. Ke2 f4 57. Kd2 Rh2+ 58. Ke1 Ra2 59. Kd1 0-1

[Event "Amantea op-B 6th"]
[Site "Amantea"]
[Date "2008.08.31"]
[Round "1"]
[White "Grudina, Marco"]
[Black "Mileo, Miguelito"]
[Result "1-0"]
[WhiteElo "1897"]
[BlackElo "1617"]
[PlyCount "89"]
[EventDate "2008.08.31"]
[EventType "swiss"]
[EventRounds "9"]
[EventCountry "ITA"]
[SourceTitle "CBM 126 Extra"]
[Source "ChessBase"]
[SourceDate "2008.11.05"]
[SourceVersion "1"]
[SourceVersionDate "2008.11.05"]
[SourceQuality "1"]

1. e4 c6 2. d4 d5 3. Nc3 dxe4 4. Nxe4 Bf5 5. Ng3 Bg6 6. h4 h6 7. Nf3 Nd7 8. h5 Bh7 9. Bd3 Bxd3 10. Qxd3 e6 11. Bf4 Qa5+ 12. Bd2 Qc7 13. 0-0-0 Bd6 14. Ne4 f5 15. Nxd6+ Qxd6 16. g3 0-0-0 17. Bf4 Qe7 18. Rhe1 Qf8 19. Qb3 Ngf6 20. Nh4 Nd5 21. Ng6 Qf6 22. Be5 Nxe5 23. dxe5 Qg5+ 24. f4 Qxh5 25. Nxh8 Rxh8 26. Qd3 Qf7 27. Qd4 b6 28. c4 c5 29. Qd2 Nb4 30. a3 Nc6 31. Qc3 Nd4 32. b4 Qb7 33. Kb1 Rd8 34. Ka2 Kc7 35. Rb1 Qc6 36. bxc5 Qxc5 37. Qb4 Qxb4 38. axb4 Nc2 39. Re2 Nd4 40. Rd2 Nc6 41. Rxd8 Nxd8 42. Rd1 Nc6 43. Kb3 Nd8 44. Rd6 Nf7 45. Rxe6 1-0

[Event "Bagnara Calabra op-B"]
[Site "Bagnara Calabra"]
[Date "2008.01.05"]
[Round "5"]
[White "Rametta, Marcello"]
[Black "Mileo, Miguelito"]
[Result "1-0"]
[WhiteElo "1741"]
[BlackElo "1536"]
[PlyCount "41"]
[EventDate "2008.01.02"]
[EventType "swiss"]
[EventRounds "7"]
[EventCountry "ITA"]
[SourceTitle "EXT 2009"]
[Source "ChessBase"]
[SourceDate "2008.11.26"]
[SourceVersion "1"]
[SourceVersionDate "2008.11.26"]
[SourceQuality "1"]

1. e4 Nf6 2. Nc3 d5 3. exd5 Nxd5 4. Nxd5 Qxd5 5. Nf3 Bf5 6. Be2 Nc6 7. c3 0-0-0 8. 0-0 e5 9. Qa4 f6 10. Bc4 Qd6 11. Rd1 Bd7 12. Qc2 Na5 13. Be2 b6 14. d4 exd4 15. Nxd4 Kb8 16. Bf3 Qe5 17. b4 Qe8 18. bxa5 Bc5 19. axb6 Ba4 20. bxc7+ Kxc7 21. Bf4+ 1-0

[Event "Bagnara Calabra op-B"]
[Site "Bagnara Calabra"]
[Date "2008.01.04"]
[Round "4"]
[White "Scalise, Sandro"]
[Black "Mileo, Miguelito"]
[Result "0-1"]
[WhiteElo "1607"]
[BlackElo "1536"]
[PlyCount "56"]
[EventDate "2008.01.02"]
[EventType "swiss"]
[EventRounds "7"]
[EventCountry "ITA"]
[SourceTitle "EXT 2009"]
[Source "ChessBase"]
[SourceDate "2008.11.26"]
[SourceVersion "1"]
[SourceVersionDate "2008.11.26"]
[SourceQuality "1"]

1. d4 e5 2. dxe5 Nc6 3. e4 Nxe5 4. Qd5 Qe7 5. Bf4 f6 6. Nd2 Nh6 7. 0-0-0 c6 8. Qb3 Qc5 9. Nh3 Nhf7 10. Be2 a5 11. Bxe5 Nxe5 12. f4 a4 13. Qg3 Nf7 14. e5 f5 15. Rhe1 b5 16. Nb1 g6 17. Ng5 Nxg5 18. fxg5 Bg7 19. Bd3 0-0 20. Qf4 Kh8 21. Nd2 a3 22. c4 axb2+ 23. Kxb2 Qa3+ 24. Kc2 Qxa2+ 25. Kc3 c5 26. cxb5 Ra3+ 27. Nb3 Rxb3+ 28. Kc4 Rb4+ 0-1